000 01933nam a2200349Ia 4500
005 20220317001429.0
007 ta
008 201209s2015 ck a jr 000 jdspa d
020 _a9789588841939
040 _aCO-BoRNBP
_bspa
_erda
_cCO-BoRNBP
041 1 _aspa
_hpor
084 _aC VIL17
100 1 _aVilela, Fernando
_d1973-
_eautor
245 1 0 _aCacería
_cFernando Vilela ; traducción de Beatriz Peña Trujillo
250 _aPrimera edición
264 _aBogotá
_bBabel Libros
_c2015
300 _a[64] páginas
_bilustraciones en blanco y negro y en color
_c18 cm
336 _atexto
_btxt
_2rdacontent
337 _asin mediación
_bn
_2rdamedia
338 _avolumen
_bnc
_2rdacarrier
520 0 1 _a "La llamada "guerra limpia" que Estados Unidos ejecutó en Irak inspiró al artista brasileño Fernando Vilela para hacer este libro-álbum que se mete con un tema incómodo en nuestro polarizado mundo. Un rojo brillante, de sangre, destaca tanto los espacios del mundo árabe como las modernísimas máquinas de guerra que tienen como pilotos a jovencitos que pasaron de los videojuegos de guerra a las guerras asépticas de hoy, sin contacto directo con el enemigo, sin cuestionarse jamás el dolor del otro, inexistente e invisible. ¿Pero qué ocurre cuando hay un encuentro cara a cara entre enemigos? El dolor, el honor guerrero y la piedad no tienen bandera". Resumen tomado de la contra carátula
521 _aRecomendado para para un púbico mayor de 15 años
534 _tCaçada
545 _aIncluye datos biográficos del autor al final del texto
650 1 7 _aCuentos juveniles brasileños
_ySiglo XX
_2LEMB
650 1 7 _aLiteratura juveniles brasileña
_ySiglo XX
_2LEMB
650 1 7 _aAutores brasileños
_ySiglo XX
_2LEMB
650 1 7 _aSoldados
_vCuentos
_2LEMB
650 1 7 _aGuerra de Irak
_y2003-2011
_vCuentos
_2LEMB
700 1 0 _aPeña Trujillo, Beatriz
_etraductora
_9111748
942 _2loc
_cBKLIT
999 _c6955
_d6955